Dokud můžeš /
Prognóza přežití? Nanejvýš deset procent. Když si šedesátník Hubert vyslechne svou diagnózu, přejde ho i jeho obvyklý sarkastický humor. Ale ne na dlouho – právě humor mu pomohl přežít už několik nárazů do zdi a naplnit rčení, že statistika věda je, ale život je život. O tři rakoviny a sedm let pozd...
Uloženo v:
| Hlavní autor: | |
|---|---|
| Médium: | E-kniha |
| Jazyk: | Czech |
| Vydáno: |
Praha :
Euromedia,
2026
|
| Tagy: |
Žádné tagy |
| LEADER | 01414nam a22002297i 4500 | ||
|---|---|---|---|
| 001 | 297560 | ||
| 007 | ta | ||
| 008 | 260413s2026 xr ||||| |||| 00| 0 cze d | ||
| 020 | |a 9788028412616 | ||
| 044 | |a xr | ||
| 100 | 1 | |a Dostál, Aleš |4 aut | |
| 245 | 1 | 0 | |a Dokud můžeš / |c Dostál, Aleš |
| 240 | 1 | 0 | |a Dokud můžeš |
| 264 | 1 | |a Praha : |b Euromedia, |c 2026 | |
| 300 | |a 1 online zdroj (240 stran) | ||
| 336 | |a text |b txt |2 rdacontent | ||
| 337 | |a bez média |b n |2 rdamedia | ||
| 338 | |a online zdroj |b cr |2 rdacarrier | ||
| 520 | 2 | |a Prognóza přežití? Nanejvýš deset procent. Když si šedesátník Hubert vyslechne svou diagnózu, přejde ho i jeho obvyklý sarkastický humor. Ale ne na dlouho – právě humor mu pomohl přežít už několik nárazů do zdi a naplnit rčení, že statistika věda je, ale život je život. O tři rakoviny a sedm let později má Hubert pocit, že je vyhráno, když vtom přichází úder ze zcela nečekané strany. Život je život, ale tentokrát možná přece jen řekl své poslední slovo. | |
| 910 | |a RBIT002 | ||
| 998 | |d 425557 |a https://core.palmknihy.cz/api/books/425557/cover?tbtwcz |b https://core.palmknihy.cz/api/books/425557/cover/400?tbtwcz |c https://core.palmknihy.cz/api/books/425557/cover/50?tbtwcz |e 2032-06-04 |g 240 |i 9788028412616 |j https://core.palmknihy.cz/api/books/425557/preview.epub |l |q 49 |r 1 |s https://www.palmknihy.cz/kniha/425557 |t ebook |y 2026 |z 1 | ||
| 999 | |d 297558 | ||